El posliberalismo católico, el alma condenada del trumpismo (notice n° 1612754)
[ vue normale ]
| 000 -LEADER | |
|---|---|
| fixed length control field | 01012cam a2200169 4500500 |
| 005 - DATE AND TIME OF LATEST TRANSACTION | |
| control field | 20260111040455.0 |
| 041 ## - LANGUAGE CODE | |
| Language code of text/sound track or separate title | fre |
| 042 ## - AUTHENTICATION CODE | |
| Authentication code | dc |
| 100 10 - MAIN ENTRY--PERSONAL NAME | |
| Personal name | Howes, Thomas |
| Relator term | author |
| 245 00 - TITLE STATEMENT | |
| Title | El posliberalismo católico, el alma condenada del trumpismo |
| 260 ## - PUBLICATION, DISTRIBUTION, ETC. | |
| Date of publication, distribution, etc. | 2025.<br/> |
| 500 ## - GENERAL NOTE | |
| General note | 82 |
| 520 ## - SUMMARY, ETC. | |
| Summary, etc. | En nuestro número de mayo de 2025, entrevistamos a James Patterson sobre el legado histórico de los católicos posliberales estadounidenses contemporáneos. En esta ocasión, nos volvemos hacia el coautor de su libro, Thomas Howes, para explorar el aspecto doctrinal y espiritual del fenómeno posliberal que alimenta a los líderes e ideólogos católicos del movimiento trumpista. ¿Cómo se articulan en este movimiento las aspiraciones políticas, las virtudes cívicas y la visión de la salvación? |
| 700 10 - ADDED ENTRY--PERSONAL NAME | |
| Personal name | Gautier, Benoît |
| Relator term | author |
| 786 0# - DATA SOURCE ENTRY | |
| Note | Études | 4331 | 11 | 2025-11-03 | p. 7-16 |
| 856 41 - ELECTRONIC LOCATION AND ACCESS | |
| Uniform Resource Identifier | <a href="https://shs.cairn.info/revista-etudes-2025-11-page-7?lang=es&redirect-ssocas=7080">https://shs.cairn.info/revista-etudes-2025-11-page-7?lang=es&redirect-ssocas=7080</a> |
Pas d'exemplaire disponible.




Réseaux sociaux